| 000 | 00000nas##2200000za#4500 |
|---|---|
| 001 | 9.514182 |
| 003 | CaOODSP |
| 005 | 20200325124939 |
| 007 | ta |
| 008 | 150406c2000||||xxc|| p #||||f| |0eng|d |
| 040 | |aCaOODSP|beng |
| 043 | |an-cn--- |
| 086 | 1 |aC12-23E |
| 110 | 1 |aCanada.|bIndustry Canada. |bMicro-Economic Analysis Directorate. |
| 245 | 10|aRegional economic observer |
| 260 | |aOttawa - Ontario : |bIndustry Canada. |
| 310 | |aQuarterly |
| 563 | |aProcessed |
| 775 | 08|tL'observateur économique régional |w(CaOODSP)9.512611 |
| 776 | 0#|tRegional economic observer.|w(CaOODSP)9.504364 |